[Event "HUN-chT Youth-Children 2018"]
[Site "Zalakaros"]
[Date "2018.07.29"]
[Round "7"]
[White "Kiss, Eniko"]
[Black "Monduk, Ferenc"]
[Result "1/2-1/2"]
[WhiteElo "1697"]
[BlackElo "1870"]
[Annotator "NA"]
[PlyCount "71"]
[EventDate "2018.07.26"]
[EventType "team-tourn"]
[EventCountry "HUN"]
[SourceTitle "playchess.com"]
[Source "ChessBase"]
[SourceQuality "1"]
[TimeControl "5400+30"]

1. e4 {[%emt 0:00:00]} e6 {[%emt 0:00:04]} 2. d4 {[%emt 0:00:00]} d5 {[%emt 0:00:05]} 3. exd5 {[%emt 0:00:00]} exd5 {[%emt 0:00:02]} 4. c4 {[%emt 0:00:00]} Nf6 {[%emt 0:00:44]} 5. Nc3 {[%emt 0:00:15]} Bb4 {[%emt 0:00:49]} 6. Nf3 {[%emt 0:02:20]} O-O {[%emt 0:02:03]} 7. Bd3 {[%emt 0:07:08]} dxc4 {[%emt 0:01:19]} 8. Bxc4 {[%emt 0:00:17]} Bg4 {[%emt 0:06:48]} 9. O-O {[%emt 0:21:48]} Nc6 {[%emt 0:13:31]} 10. a3 {[%emt 0:26:01]} Ba5 {[%emt 0:05:29]} 11. b4 {[%emt 0:02:06]} Bb6 {[%emt 0:00:21]} 12. d5 {[%emt 0:03:09]} Nd4 {[%emt 0:06:26]} 13. Be3 {[%emt 0:02:14]} Nxf3+ {[%emt 0:00:46]} 14. gxf3 {[%emt 0:00:08]} Bh3 {[%emt 0:01:22]} 15. Re1 {[%emt 0:00:37]} Nh5 {[%emt 0:13:59]} 16. Bf1 {[%emt 0:04:47]} Bxe3 {[%emt 0:05:27]} 17. fxe3 {[%emt 0:01:34]} Qg5+ {[%emt 0:00:29]} 18. Kh1 {[%emt 0:01:29]} Bxf1 {[%emt 0:00:16]} 19. Rxf1 {[%emt 0:00:28]} Qxe3 {[%emt 0:00:50]} 20. Nb5 {[%emt 0:05:02]} Rad8 {[%emt 0:07:02]} 21. Nxc7 {[%emt 0:02:28]} Qe5 {[%emt 0:01:22]} 22. Rc1 {[%emt 0:02:06]} Rd7 {[%emt 0:00:34]} 23. Re1 {[%emt 0:04:56]} Qd6 {[%emt 0:07:45]} 24. Nb5 {[%emt 0:03:09]} Qb6 {[%emt 0:11:56]} 25. Nc3 Nf4 {[%emt 0:01:15]} 26. Qd2 {[%emt 0:08:07]} Ng6 {[%emt 0:03:23]} 27. Na4 {[%emt 0:01:27]} Qf6 {[%emt 0:00:28]} 28. Re3 {[%emt 0:01:08]} h6 {[%emt 0:01:49]} 29. Nc5 {[%emt 0:00:45]} Rdd8 {[%emt 0:02:51]} 30. Nxb7 {[%emt 0:00:21]} Rb8 {[%emt 0:00:30]} 31. Nc5 {[%emt 0:00:31]} Rfd8 {[%emt 0:00:01]} 32. Rd1 {[%emt 0:00:22]} Qf4 {[%emt 0:01:17]} 33. Rd3 {[%emt 0:00:38]} Qf5 {[%emt 0:00:24]} 34. d6 {[%emt 0:00:27]} Ne5 {[%emt 0:00:16]} 35. Rd5 {[%emt 0:00:24]} Qxf3+ {[%emt 0:00:21]} 36. Qg2 {[%emt 0:00:34]} 1/2-1/2

[Event "HUN-chT Youth-Children 2018"]
[Site "Zalakaros"]
[Date "2018.07.29"]
[Round "7"]
[White "Laszlo, Csaba"]
[Black "Fodor, Kornel"]
[Result "1/2-1/2"]
[WhiteElo "1694"]
[BlackElo "1794"]
[Annotator "NA"]
[PlyCount "104"]
[EventDate "2018.07.26"]
[EventType "team-tourn"]
[EventCountry "HUN"]
[SourceTitle "playchess.com"]
[Source "ChessBase"]
[SourceQuality "1"]
[TimeControl "5400+30"]

1. e4 {[%emt 0:00:00]} c5 {[%emt 0:00:04]} 2. Nf3 {[%emt 0:00:00]} e6 {[%emt 0:00:04]} 3. d4 {[%emt 0:00:00]} cxd4 {[%emt 0:00:03]} 4. Nxd4 {[%emt 0:00:00]} Nc6 {[%emt 0:00:04]} 5. Be3 {[%emt 0:00:10]} Nf6 {[%emt 0:00:07]} 6. Bd3 {[%emt 0:00:21]} d5 {[%emt 0:00:17]} 7. Nc3 {[%emt 0:04:44]} Bb4 {[%emt 0:08:14]} 8. Nxc6 {[%emt 0:02:07]} bxc6 {[%emt 0:01:02]} 9. e5 {[%emt 0:00:28]} d4 $15 {[%emt 0:09:35]} 10. Bd2 {[%emt 0:08:09]} Nd7 {[%emt 0:14:45]} 11. Ne2 {[%emt 0:08:38]} Bxd2+ {[%emt 0:00:50]} 12. Qxd2 {[%emt 0:00:10]} Nxe5 {[%emt 0:03:49]} 13. O-O O-O 14. h3 {[%emt 0:08:27]} c5 {[%emt 0:09:21]} 15. f4 {[%emt 0:01:40]} Nxd3 {[%emt 0:01:01]} 16. Qxd3 {[%emt 0:13:51]} Bb7 17. Rf2 Qb6 {[%emt 0:12:40]} 18. b3 {[%emt 0:03:31]} Rfd8 {[%emt 0:02:23]} 19. Re1 {[%emt 0:05:56]} Ba6 {[%emt 0:05:31]} 20. Qd2 {[%emt 0:03:49]} d3 {[%emt 0:10:21]} 21. Ng3 {[%emt 0:02:10]} c4 {[%emt 0:01:57]} 22. Ne4 {[%emt 0:04:17]} Rac8 {[%emt 0:03:47]} 23. bxc4 {[%emt 0:03:25]} Bxc4 {[%emt 0:03:06]} 24. Qe3 {[%emt 0:07:56]} Qa5 {[%emt 0:05:55]} 25. f5 {[%emt 0:04:23]} dxc2 26. Rxc2 {[%emt 0:03:16]} Qxf5 {[%emt 0:04:14]} 27. Qxa7 {[%emt 0:02:41]} Ra8 {[%emt 0:01:08]} 28. Qc7 {[%emt 0:01:42]} Bd3 {[%emt 0:02:06]} 29. Rf2 {[%emt 0:00:55]} Qg6 {[%emt 0:00:45]} 30. Nd6 {[%emt 0:02:18]} f5 {[%emt 0:00:53]} 31. Rf3 {[%emt 0:01:42]} Be4 {[%emt 0:00:49]} 32. Nxe4 {[%emt 0:01:28]} fxe4 {[%emt 0:00:01]} 33. Rg3 {[%emt 0:00:14]} Qf7 {[%emt 0:01:06]} 34. Qxf7+ {[%emt 0:00:53]} Kxf7 35. Rxe4 {[%emt 0:00:15]} Rxa2 {[%emt 0:00:18]} 36. Rf3+ {[%emt 0:00:45]} Ke7 {[%emt 0:00:20]} 37. Rg4 {[%emt 0:01:01]} g6 {[%emt 0:00:27]} 38. Rb4 {[%emt 0:01:18]} Rd7 {[%emt 0:01:22]} 39. Rbf4 {[%emt 0:03:32]} Kd8 {[%emt 0:00:57]} 40. Rf7 {[%emt 0:02:16]} Raa7 {[%emt 0:00:12]} 41. R7f6 {[%emt 0:00:31]} Ke7 {[%emt 0:00:43]} 42. Rf7+ {[%emt 0:00:10]} Kd6 {[%emt 0:00:40]} 43. Rd3+ {[%emt 0:00:08]} Kc6 {[%emt 0:00:05]} 44. Rc3+ {[%emt 0:00:12]} Kb5 {[%emt 0:00:19]} 45. Rf1 {[%emt 0:00:26]} Ra4 {[%emt 0:00:45]} 46. Re1 {[%emt 0:00:17]} Re7 {[%emt 0:00:17]} 47. Rce3 {[%emt 0:00:08]} Ra6 {[%emt 0:00:14]} 48. Rc3 {[%emt 0:00:05]} Kb4 {[%emt 0:00:43]} 49. Rc8 {[%emt 0:00:12]} Kb3 {[%emt 0:00:47]} 50. Re3+ {[%emt 0:00:37]} Kb4 {[%emt 0:00:30]} 51. Re1 {[%emt 0:00:04]} Kb3 {[%emt 0:00:08]} 52. Re3+ {[%emt 0:00:05]} Kb4 {[%emt 0:00:08]} 1/2-1/2

[Event "HUN-chT Youth-Children 2018"]
[Site "Zalakaros"]
[Date "2018.07.29"]
[Round "7"]
[White "Kiraly, Lilla Virag"]
[Black "Gulacsi, Donat Ferenc"]
[Result "1/2-1/2"]
[WhiteElo "1488"]
[BlackElo "1610"]
[Annotator "NA"]
[PlyCount "40"]
[EventDate "2018.07.26"]
[EventType "team-tourn"]
[EventCountry "HUN"]
[SourceTitle "playchess.com"]
[Source "ChessBase"]
[SourceQuality "1"]
[TimeControl "5400+30"]

1. d4 {[%emt 0:00:00]} d5 {[%emt 0:00:08]} 2. Nf3 {[%emt 0:00:00]} c5 {[%emt 0:01:03]} 3. c3 {[%emt 0:00:55]} e6 {[%emt 0:00:26]} 4. Bf4 {[%emt 0:00:21]} Nc6 {[%emt 0:00:56]} 5. e3 {[%emt 0:00:41]} Nf6 {[%emt 0:00:45]} 6. Nbd2 {[%emt 0:00:52]} Be7 {[%emt 0:01:31]} 7. Bd3 {[%emt 0:01:08]} O-O {[%emt 0:01:30]} 8. O-O {[%emt 0:00:41]} b6 {[%emt 0:08:54]} 9. Bg3 {[%emt 0:02:57]} Bb7 {[%emt 0:01:38]} 10. Ne5 {[%emt 0:01:27]} cxd4 {[%emt 0:08:51]} 11. exd4 {[%emt 0:01:01]} Nd7 {[%emt 0:07:40]} 12. Qh5 {[%emt 0:07:42]} f5 {[%emt 0:07:21]} 13. f4 {[%emt 0:04:14]} Nf6 {[%emt 0:01:55]} 14. Qe2 {[%emt 0:01:01]} Ne4 {[%emt 0:01:31]} 15. Ndf3 {[%emt 0:07:24]} Rf6 {[%emt 0:09:27]} 16. Bb5 {[%emt 0:12:27]} Rc8 {[%emt 0:02:17]} 17. Bh4 {[%emt 0:02:33]} Rf8 {[%emt 0:01:17]} 18. Bxe7 {[%emt 0:00:32]} Qxe7 {[%emt 0:00:23]} 19. Rae1 {[%emt 0:08:56]} Qd6 {[%emt 0:06:26]} 20. Nxc6 {[%emt 0:06:38]} Bxc6 1/2-1/2

[Event "HUN-chT Youth-Children 2018"]
[Site "Zalakaros"]
[Date "2018.07.29"]
[Round "7"]
[White "Kasnya, Peter"]
[Black "Varga, Marko"]
[Result "1-0"]
[WhiteElo "1320"]
[BlackElo "1048"]
[Annotator "NA"]
[PlyCount "107"]
[EventDate "2018.07.26"]
[EventType "team-tourn"]
[EventCountry "HUN"]
[SourceTitle "playchess.com"]
[Source "ChessBase"]
[SourceQuality "1"]
[TimeControl "5400+30"]

1. e4 {[%emt 0:00:00]} e5 {[%emt 0:00:10]} 2. Nf3 {[%emt 0:00:00]} Nc6 {[%emt 0:00:19]} 3. d4 {[%emt 0:00:34]} exd4 {[%emt 0:00:53]} 4. Nxd4 {[%emt 0:00:14]} Nf6 {[%emt 0:00:15]} 5. Nxc6 {[%emt 0:00:38]} bxc6 {[%emt 0:00:15]} 6. Bd3 {[%emt 0:00:53]} Be7 {[%emt 0:00:22]} 7. O-O {[%emt 0:00:46]} O-O {[%emt 0:00:17]} 8. Nc3 {[%emt 0:00:09]} Re8 {[%emt 0:00:24]} 9. Re1 {[%emt 0:00:30]} d5 {[%emt 0:04:07]} 10. b3 {[%emt 0:10:15]} dxe4 {[%emt 0:00:57]} 11. Nxe4 {[%emt 0:00:36]} Nxe4 {[%emt 0:00:31]} 12. Bxe4 {[%emt 0:00:11]} Bb7 {[%emt 0:00:12]} 13. Bb2 {[%emt 0:00:23]} Bd6 $18 {[%emt 0:04:27]} ({Günstiger ist} 13... Qxd1 $14 14. Raxd1 Bb4) 14. h3 {[%emt 0:04:27]} Qg5 {[%emt 0:01:38]} 15. Qf3 {[%emt 0:01:29]} Qf4 {[%emt 0:02:28]} 16. Qxf4 {[%emt 0:01:17]} Bxf4 {[%emt 0:00:10]} 17. Bf3 {[%emt 0:01:46]} h6 {[%emt 0:01:49]} 18. Rad1 {[%emt 0:00:13]} Rad8 {[%emt 0:01:19]} 19. Rxd8 {[%emt 0:00:24]} Rxd8 {[%emt 0:00:15]} 20. Rd1 {[%emt 0:00:09]} Rxd1+ {[%emt 0:00:27]} 21. Bxd1 {[%emt 0:00:18]} g5 {[%emt 0:01:51]} 22. Kf1 {[%emt 0:00:19]} f5 {[%emt 0:01:00]} 23. Ke2 {[%emt 0:00:24]} Ba6+ {[%emt 0:00:34]} 24. c4 {[%emt 0:00:17]} Kf7 {[%emt 0:00:32]} 25. Kd3 {[%emt 0:00:15]} Ke6 {[%emt 0:00:13]} 26. Bg7 {[%emt 0:00:16]} c5 {[%emt 0:02:14]} 27. Bxh6 {[%emt 0:00:33]} Bb7 {[%emt 0:01:10]} 28. g3 {[%emt 0:00:27]} Be4+ {[%emt 0:00:18]} 29. Ke2 {[%emt 0:01:12]} Bc1 {[%emt 0:00:37]} 30. h4 {[%emt 0:00:53]} Kf6 {[%emt 0:00:18]} 31. hxg5+ {[%emt 0:00:26]} Bxg5 {[%emt 0:00:18]} 32. Bf8 {[%emt 0:00:20]} a6 {[%emt 0:02:38]} 33. Bxc5 {[%emt 0:00:15]} f4 {[%emt 0:01:14]} 34. gxf4 {[%emt 0:01:08]} Bxf4 {[%emt 0:00:21]} 35. Be3 {[%emt 0:00:14]} Be5 {[%emt 0:00:37]} 36. Kd2 {[%emt 0:00:55]} Kf5 {[%emt 0:00:52]} 37. Bc2 {[%emt 0:00:13]} Bxc2 {[%emt 0:01:07]} 38. Kxc2 {[%emt 0:00:04]} Ke4 {[%emt 0:00:19]} 39. Kd2 {[%emt 0:00:33]} c6 {[%emt 0:00:35]} 40. a4 {[%emt 0:01:10]} Kf5 {[%emt 0:01:01]} 41. Kd3 {[%emt 0:00:25]} Ke6 {[%emt 0:00:22]} 42. Ke4 {[%emt 0:00:51]} Bb2 {[%emt 0:00:58]} 43. f4 {[%emt 0:00:22]} Kf6 {[%emt 0:00:21]} 44. Bd4+ {[%emt 0:03:05]} Bxd4 {[%emt 0:00:27]} 45. Kxd4 {[%emt 0:00:09]} Kf5 {[%emt 0:00:38]} 46. Kc5 {[%emt 0:00:30]} Kxf4 {[%emt 0:00:19]} 47. Kxc6 {[%emt 0:00:11]} Ke4 {[%emt 0:00:09]} 48. Kd6 {[%emt 0:00:18]} Kd4 {[%emt 0:00:26]} 49. c5 {[%emt 0:00:13]} Kc3 {[%emt 0:00:20]} 50. Kc6 {[%emt 0:00:40]} Kxb3 {[%emt 0:00:27]} 51. Kb6 {[%emt 0:00:13]} Kb4 {[%emt 0:00:26]} 52. c6 {[%emt 0:01:13]} Kxa4 {[%emt 0:01:26]} 53. Kxa6 {[%emt 0:00:17]} Kb4 {[%emt 0:00:22]} 54. c7 {[%emt 0:00:10]} 1-0

[Event "HUN-chT Youth-Children 2018"]
[Site "Zalakaros"]
[Date "2018.07.29"]
[Round "7"]
[White "Pasti, Zsombor"]
[Black "Petyko, Martin"]
[Result "1/2-1/2"]
[WhiteElo "1249"]
[BlackElo "1166"]
[Annotator "NA"]
[PlyCount "58"]
[EventDate "2018.07.26"]
[EventType "team-tourn"]
[EventCountry "HUN"]
[SourceTitle "playchess.com"]
[Source "ChessBase"]
[SourceQuality "1"]
[TimeControl "5400+30"]

1. e4 {[%emt 0:00:00]} e6 {[%emt 0:00:17]} 2. d4 {[%emt 0:00:00]} d5 {[%emt 0:00:15]} 3. exd5 {[%emt 0:00:00]} exd5 {[%emt 0:00:06]} 4. Nf3 {[%emt 0:00:00]} Nf6 {[%emt 0:00:29]} 5. Bg5 {[%emt 0:00:00]} Be7 {[%emt 0:00:28]} 6. c4 {[%emt 0:00:24]} O-O {[%emt 0:00:43]} 7. Nc3 {[%emt 0:00:11]} Re8 {[%emt 0:01:58]} 8. Be2 {[%emt 0:01:34]} Ne4 {[%emt 0:01:47]} 9. Bxe7 {[%emt 0:00:54]} Qxe7 {[%emt 0:02:46]} 10. Nxd5 {[%emt 0:02:22]} Qd6 {[%emt 0:02:18]} 11. O-O {[%emt 0:00:53]} Be6 {[%emt 0:02:45]} 12. Qb3 {[%emt 0:07:04]} Nc6 {[%emt 0:01:20]} 13. Rad1 {[%emt 0:05:14]} Na5 {[%emt 0:03:11]} 14. Qb4 {[%emt 0:02:11]} Qxb4 {[%emt 0:02:17]} 15. Nxb4 {[%emt 0:00:18]} Bxc4 {[%emt 0:01:47]} 16. Bxc4 {[%emt 0:00:31]} Nxc4 {[%emt 0:00:18]} 17. Rc1 {[%emt 0:01:58]} Nxb2 {[%emt 0:04:17]} 18. Rxc7 {[%emt 0:00:23]} a5 {[%emt 0:02:47]} 19. Nd5 {[%emt 0:02:12]} b5 {[%emt 0:07:56]} 20. Rc2 {[%emt 0:01:11]} Nd3 {[%emt 0:02:25]} 21. Rb1 {[%emt 0:04:56]} b4 {[%emt 0:05:04]} 22. Ne1 {[%emt 0:06:30]} Nxe1 {[%emt 0:02:13]} 23. Rxe1 {[%emt 0:01:31]} Nc3 {[%emt 0:02:04]} 24. Ne3 {[%emt 0:01:19]} Nb5 {[%emt 0:02:24]} 25. d5 {[%emt 0:02:57]} Rac8 {[%emt 0:01:19]} 26. Rxc8 {[%emt 0:02:13]} Rxc8 {[%emt 0:00:07]} 27. Nc4 {[%emt 0:01:12]} a4 {[%emt 0:01:26]} 28. d6 {[%emt 0:00:30]} Kf8 {[%emt 0:01:53]} 29. Nb6 Rd8 1/2-1/2

[Event "HUN-chT Youth-Children 2018"]
[Site "Zalakaros"]
[Date "2018.07.29"]
[Round "7"]
[White "Vilics, Hanna"]
[Black "Kocsmar, Akos"]
[Result "0-1"]
[WhiteElo "1205"]
[BlackElo "1721"]
[Annotator "NA"]
[PlyCount "104"]
[EventDate "2018.07.26"]
[EventType "team-tourn"]
[EventCountry "HUN"]
[SourceTitle "playchess.com"]
[Source "ChessBase"]
[SourceQuality "1"]
[TimeControl "5400+30"]

1. d4 {[%emt 0:00:00]} Nf6 {[%emt 0:00:20]} 2. Nf3 {[%emt 0:00:00]} g6 {[%emt 0:00:09]} 3. g3 {[%emt 0:00:11]} Bg7 {[%emt 0:00:39]} 4. Bg2 {[%emt 0:00:12]} d6 {[%emt 0:01:01]} 5. O-O {[%emt 0:00:21]} O-O {[%emt 0:00:18]} 6. Nbd2 {[%emt 0:00:29]} Nbd7 {[%emt 0:00:22]} 7. b3 {[%emt 0:00:20]} c5 {[%emt 0:00:25]} 8. Bb2 {[%emt 0:00:26]} Rb8 {[%emt 0:00:33]} 9. c4 {[%emt 0:00:28]} cxd4 {[%emt 0:00:47]} 10. Nxd4 {[%emt 0:00:11]} a6 {[%emt 0:00:51]} 11. Rc1 {[%emt 0:00:59]} Qb6 {[%emt 0:00:33]} 12. N4f3 {[%emt 0:00:42]} Ng4 {[%emt 0:01:28]} 13. Bxg7 {[%emt 0:01:04]} Kxg7 {[%emt 0:00:02]} 14. Ne4 {[%emt 0:00:48]} Ngf6 {[%emt 0:01:13]} 15. Nxf6 {[%emt 0:00:45]} Nxf6 {[%emt 0:00:06]} 16. Qd4 {[%emt 0:01:07]} Qxd4 {[%emt 0:00:24]} 17. Nxd4 {[%emt 0:00:08]} Bd7 {[%emt 0:00:02]} 18. c5 {[%emt 0:01:06]} e5 {[%emt 0:03:42]} 19. Nf3 {[%emt 0:00:30]} e4 {[%emt 0:00:08]} 20. Ng5 {[%emt 0:00:52]} d5 {[%emt 0:00:10]} 21. Nh3 {[%emt 0:01:06]} Bc6 {[%emt 0:01:04]} 22. e3 {[%emt 0:01:13]} Nd7 {[%emt 0:00:25]} 23. f3 {[%emt 0:00:56]} Rbe8 {[%emt 0:00:55]} 24. fxe4 {[%emt 0:01:18]} dxe4 {[%emt 0:00:55]} 25. Rf4 {[%emt 0:02:12]} f5 {[%emt 0:00:37]} 26. g4 {[%emt 0:01:16]} Ne5 {[%emt 0:00:38]} 27. Nf2 {[%emt 0:02:44]} fxg4 {[%emt 0:10:50]} 28. Rxf8 {[%emt 0:00:46]} Kxf8 {[%emt 0:01:02]} 29. Rf1 {[%emt 0:01:28]} Nf3+ {[%emt 0:01:02]} 30. Bxf3 {[%emt 0:00:22]} gxf3 {[%emt 0:00:06]} 31. Rd1 {[%emt 0:00:29]} Re5 {[%emt 0:01:15]} 32. b4 {[%emt 0:00:58]} Ke7 {[%emt 0:00:19]} 33. Rd4 {[%emt 0:00:34]} h5 {[%emt 0:01:20]} 34. h3 {[%emt 0:01:08]} Bd5 {[%emt 0:02:07]} 35. a3 {[%emt 0:00:28]} Ke6 {[%emt 0:01:17]} 36. Kh2 {[%emt 0:00:26]} Rg5 {[%emt 0:03:37]} 37. Kh1 {[%emt 0:01:24]} Rg2 {[%emt 0:00:40]} 38. Rd2 {[%emt 0:02:25]} g5 {[%emt 0:00:25]} 39. Rb2 {[%emt 0:00:34]} g4 {[%emt 0:01:19]} 40. hxg4 {[%emt 0:00:44]} hxg4 {[%emt 0:00:02]} 41. Nd1 {[%emt 0:00:25]} Rxb2 {[%emt 0:00:49]} 42. Nxb2 {[%emt 0:00:03]} g3 {[%emt 0:00:13]} 43. Kg1 {[%emt 0:00:44]} Kf5 {[%emt 0:00:29]} 44. Nd1 {[%emt 0:00:43]} f2+ {[%emt 0:00:29]} 45. Nxf2 {[%emt 0:00:33]} gxf2+ {[%emt 0:00:05]} 46. Kxf2 {[%emt 0:00:05]} Kg4 {[%emt 0:00:04]} 47. Ke2 {[%emt 0:00:10]} Kg3 {[%emt 0:00:07]} 48. Ke1 {[%emt 0:00:23]} Kf3 {[%emt 0:00:10]} 49. Kd2 {[%emt 0:00:08]} Kf2 {[%emt 0:00:04]} 50. Kd1 {[%emt 0:00:11]} Kxe3 {[%emt 0:00:05]} 51. Ke1 {[%emt 0:00:05]} Bb3 {[%emt 0:00:09]} 52. Kf1 {[%emt 0:00:09]} Kd2 {[%emt 0:00:05]} 0-1

[Event "HUN-chT Youth-Children 2018"]
[Site "Zalakaros"]
[Date "2018.07.29"]
[Round "7"]
[White "Horvath, Sebestyen"]
[Black "Koteljarto, Aron"]
[Result "1/2-1/2"]
[WhiteElo "1040"]
[BlackElo "1404"]
[Annotator "NA"]
[PlyCount "32"]
[EventDate "2018.07.26"]
[EventType "team-tourn"]
[EventCountry "HUN"]
[SourceTitle "playchess.com"]
[Source "ChessBase"]
[SourceQuality "1"]
[TimeControl "5400+30"]

1. e4 {[%emt 0:00:00]} c6 {[%emt 0:00:06]} 2. d4 {[%emt 0:01:13]} d5 {[%emt 0:00:07]} 3. Nc3 {[%emt 0:01:08]} dxe4 {[%emt 0:01:16]} 4. Nxe4 {[%emt 0:01:13]} Bf5 {[%emt 0:00:21]} 5. Ng3 {[%emt 0:01:12]} Bg6 {[%emt 0:00:06]} 6. Nf3 {[%emt 0:01:33]} Nd7 {[%emt 0:00:08]} 7. Bd3 {[%emt 0:02:07]} Bxd3 {[%emt 0:00:08]} 8. Qxd3 {[%emt 0:00:56]} e6 {[%emt 0:00:07]} 9. Bd2 {[%emt 0:01:46]} Ngf6 {[%emt 0:00:10]} 10. O-O-O {[%emt 0:01:57]} Be7 {[%emt 0:00:05]} 11. Kb1 {[%emt 0:01:12]} h6 {[%emt 0:00:13]} 12. c4 {[%emt 0:01:57]} Qc7 {[%emt 0:04:54]} 13. Rhe1 {[%emt 0:04:50]} O-O-O {[%emt 0:00:41]} 14. Qb3 {[%emt 0:04:39]} Kb8 {[%emt 0:05:25]} 15. c5 {[%emt 0:06:40]} Nd5 {[%emt 0:00:45]} 16. Rc1 {[%emt 0:05:37]} Ka8 1/2-1/2